| 000 | 00725nam a22002537a 4500 | ||
|---|---|---|---|
| 001 | 0035636 | ||
| 003 | KOHA_MİRAKIL | ||
| 005 | 20260207002947.0 | ||
| 007 | ta | ||
| 008 | 120224b1995 tu |||gr||||#||||0|tur | | ||
| 040 |
_aTR-BiSEU _btur _cTR-BiSEU _erda |
||
| 041 | 0 | _atur | |
| 044 | _ctu | ||
| 050 |
_aQA76.9 _b.H47 1995 |
||
| 245 | 0 |
_aHerkes için kolay Lotus 1-2-3/ _chazırlayan, Erkan Hoyman. |
|
| 264 | 1 |
_aİstanbul : _bFono Yayınları _c1995 |
|
| 300 | _a256 sayfa | ||
| 336 |
_ametin _btxt _2rdacontent |
||
| 337 |
_aaracısız _bn _2rdamedia |
||
| 338 |
_acilt _bnc _2rdacarrier |
||
| 650 | 0 |
_aLotus 1-2-3 (Bilgisayar programı). _967989 |
|
| 650 | 0 |
_aLotus 1-2-3 (Computer program). _967990 |
|
| 942 |
_2lcc _cBK |
||
| 999 |
_c35539 _d35539 |
||